Normal view
MARC view
Entry Personal Name
001 - CONTROL NUMBER
- control field: 45453
003 - CONTROL NUMBER IDENTIFIER
- control field: dpl
005 - DATE AND TIME OF LATEST TRANSACTION
- control field: 20120420105625.0
008 - FIXED-LENGTH DATA ELEMENTS
- fixed length control field: 120420|||a|||||| | ||| d
040 ## - CATALOGING SOURCE
- Original cataloging agency: dpl
- Transcribing agency: dpl
100 ## - HEADING--PERSONAL NAME
- Personal name: व्यास, हरिश्चन्द्र
670 ## - SOURCE DATA FOUND
- Source citation: Work cat.: (dpl): व्यास, हरिश्चन्द्र, पर्यावरण संरक्षण के उत्प्रेरक /, 1999
670 ## - SOURCE DATA FOUND
- Source citation: Work cat.: (dpl): व्यास, हरिश्चन्द्र, पर्यावरण संरक्षण के उत्प्रेरक /, 1999
